Xarxes : els primers intercanvis fa 6000 anys els primers intercanvis fa 6000 anys
Descripción Física:
62 p. : il., gràf. ; 29 cm
MARC
| LEADER | 00000nam a2200000Ia 4500 | ||
|---|---|---|---|
| 001 | 23304 | ||
| 008 | 160829s2011 xx 000 0 cat d | ||
| 080 | |a B-2-250 | ||
| 245 | |a Xarxes : |b els primers intercanvis fa 6000 anys | ||
| 260 | |a Barcelona : |b Diputació de Barcelona. Àrea de Cultura, |c 2011 | ||
| 300 | |a 62 p. : |b il., gràf. ; |c 29 cm | ||
| 650 | |a Xarxa de Museus Locals |x Exposicions |9 48658 | ||
| 650 | |a Museus |x Barcelona (Província) |x Exposicions |9 48659 | ||
| 710 | 1 | |a Barcelona (Catalunya : Província). |b Àrea de Cultura |9 53536 | |
| 901 | |a Arxiu | ||
| 942 | |n 1 | ||
| 952 | |0 0 |1 0 |4 0 |6 B2250 |7 1 |9 54738 |a Arxiu |b Arxiu |d 2011-10-31 |l 0 |o B-2-250 |p 23304 |r 2016-12-01 00:00:00 |w 2016-12-01 |y ARXIU | ||
| 999 | |c 58607 |d 58607 | ||